[Event "2018 Spring Chess Classic A"]
[Site "Saint Louis"]
[Date "2018.03.10"]
[Round "5"]
[White "Onischuk, Alexander"]
[Black "Shankland, Samuel"]
[Result "1/2-1/2"]
[WhiteElo "2681"]
[BlackElo "2668"]
[Annotator "TA"]
[PlyCount "60"]
[EventDate "2018.??.??"]
[EventType "tourn"]
[EventCountry "USA"]
[SourceTitle "playchess.com"]
[Source "ChessBase"]
[SourceQuality "1"]

{[%evp 21,60,3,33,0,0,0,-5,-29,0,0,0,0,0,0,0,0,0,0,0,0,0,0,0,0,0,-8,-11,-11,0,0,0,0,0,0,0,0,0,0,0,0,0]} 1. d4 Nf6 2. c4 g6 3. Nc3 d5 4. cxd5 Nxd5 5. Bd2 Bg7 6. e4 Nxc3 7. Bxc3 O-O 8. Qd2 c5 {D85: Exchange Grünfeld: Unusual White 7th moves and lines with 7 Nf3} (8... Nc6 9. Ne2 e5 10. d5 Nd4 11. Nxd4 exd4 12. Bxd4 Re8 13. f3 Qxd5 14. Bxg7 Qxd2+ 15. Kxd2 Kxg7 16. Bd3 {½-½ (31) Vallejo Pons,F (2716)-Aronian,L (2795) Novi Sad 2016}) 9. d5 Bxc3 10. bxc3 Qd6 11. f4 Nd7 {LiveBook: 3 Games} 12. e5 Qc7 13. Nf3 c4 14. Rd1 $146 ({Predecessor:} 14. h4 Nb6 15. h5 Bg4 16. hxg6 fxg6 {0-1 (23) Li,R (2366)-Tran,M (2258) Ho Chi Minh City 2016}) 14... Nb6 15. d6 {The position is equal.} exd6 16. exd6 Qc5 17. Qd4 $1 {[%cal Rd4c5]} Qxd4 18. Rxd4 Be6 19. Kf2 Rac8 20. Ng5 Bd5 21. Be2 Rfd8 22. Rhd1 Rc5 23. Ne4 Bxe4 $1 24. Rxe4 Kf8 25. Re5 Na4 26. Rxc5 Nxc5 27. Kf3 Na4 28. Bxc4 Nb2 29. Rd4 {[#] And now Be2 would win.} Nxc4 30. Rxc4 Rxd6 {Precision: White = 70%, Black = 67%.} 1/2-1/2

[Event "2018 Spring Chess Classic A"]
[Site "Saint Louis"]
[Date "2018.03.10"]
[Round "5"]
[White "Ipatov, Alexander"]
[Black "Ganguly, Surya Shekhar"]
[Result "1/2-1/2"]
[WhiteElo "2665"]
[BlackElo "2657"]
[Annotator "TA"]
[PlyCount "100"]
[EventDate "2018.??.??"]
[EventType "tourn"]
[EventCountry "USA"]
[SourceTitle "playchess.com"]
[Source "ChessBase"]
[SourceQuality "1"]

{[%evp 26,100,27,4,38,33,41,39,17,0,0,0,0,0,0,0,0,0,0,-9,-10,-21,-24,-23,-20,-21,-13,-57,-34,-41,-40,-38,-22,-80,-13,-13,-13,-13,-15,-16,-6,-67,-16,-16,-16,-16,-2,0,-1,-7,-8,-7,0,0,0,0,0,0,0,0,0,0,0,0,0,0,0,0,0,0,0,0,0,0,0,0,0]} 1. d4 Nf6 2. c4 e6 3. Nf3 d5 4. g3 dxc4 5. Bg2 c5 6. O-O Nc6 7. dxc5 Qxd1 8. Rxd1 Bxc5 9. Nbd2 c3 10. bxc3 O-O 11. Nb3 Be7 12. c4 Bd7 13. Bb2 {E04: Open Catalan: 5 Nf3} Rfd8 14. Nfd4 {LiveBook: 45 Games} Rab8 (14... Rac8 15. Nb5 b6 16. Nd6 Bxd6 17. Rxd6 Be8 18. Rxd8 Nxd8 19. Rc1 Bc6 20. c5 Bxg2 21. Kxg2 {½-½ (30) Cheparinov,I (2710)-Anand,V (2782) Riadh 2017}) 15. Nxc6 {White is slightly better.} Bxc6 16. Bxc6 bxc6 17. Be5 $146 ({Find the theoretical novelty and annotate with similar games:} 17. Rxd8+ Rxd8 18. Na5 Rd2 19. Rb1 h6 20. Nxc6 Bc5 21. Bxf6 gxf6 {½-½ (29) De Blois Figueredo,A (2345)-Freytag,W (2381) ICCF email 2014}) 17... Rxd1+ 18. Rxd1 Rb6 19. Bd4 Ra6 20. Bc5 Kf8 $1 21. Rd8+ Ne8 22. e4 Rxa2 23. e5 Bxc5 24. Nxc5 $11 {[%mdl 4096] Endgame KRN-KRN} Ra5 25. Nd3 Ra4 26. Rd7 a5 27. Nc5 Rxc4 28. Nb7 $1 c5 29. Nxa5 {[#]} (29. Kg2 $11) 29... Rc1+ (29... Ra4 $1 $17 {[%cal Ra4a5]} 30. Nb7 c4) 30. Kg2 c4 {...c3 is the strong threat.} 31. Rd4 $1 c3 {Hoping for ...c2.} 32. Rc4 g5 33. h3 (33. Nb3 $11 Re1 34. Nc5) 33... Kg7 ({Black should try} 33... c2 $15 34. Nc6 f6) 34. Nb3 {The position is equal.} Re1 35. Rc8 Kf8 36. f4 $1 gxf4 37. gxf4 Re3 38. Nd4 Re4 39. Nb5 {Threatens to win with Nd6.} c2 ({Don't go for} 39... Rxf4 $2 40. Nd6 $16) 40. Kf3 Rb4 41. Nd6 {[#]} c1=Q $1 {[%mdl 512]} 42. Rxc1 {Strongly threatening Rc8.} Nxd6 43. exd6 {KR-KR} Rd4 44. Rc8+ Kg7 45. Rd8 Kf6 46. Ke3 Rd1 47. Ke4 Rd2 48. Ke3 Rd1 49. Ke4 Rd2 50. Ke3 Rd1 {Precision: White = 61%, Black = 61%.} 1/2-1/2

[Event "2018 Spring Chess Classic A"]
[Site "Saint Louis"]
[Date "2018.03.10"]
[Round "5"]
[White "Xiong, Jeffery"]
[Black "Bruzon Batista, Lazaro"]
[Result "1/2-1/2"]
[WhiteElo "2640"]
[BlackElo "2673"]
[Annotator "TA"]
[PlyCount "65"]
[EventDate "2018.??.??"]
[EventType "tourn"]
[EventCountry "USA"]
[SourceTitle "playchess.com"]
[Source "ChessBase"]
[SourceQuality "1"]

{[%evp 9,65,29,57,66,67,48,48,43,45,48,42,43,42,34,54,12,17,16,14,9,16,0,0,4,5,0,0,0,0,-8,-5,0,-3,-17,-11,-35,-16,-48,-31,-31,-27,-34,0,0,0,0,0,0,0,0,0,0,0,0,2,0,0,0]} 1. e4 c5 2. Nf3 d6 3. d4 Nf6 4. Bb5+ Bd7 5. Bxd7+ Nfxd7 {LiveBook: 3 Games} (5... Qxd7 6. dxc5 dxc5 7. Qe2 Qc6 8. Nc3 Nbd7 9. Bf4 a6 10. O-O-O e6 11. Rd2 Be7 12. Rhd1 O-O-O 13. Bd6 Bxd6 14. Rxd6 {1-0 (45) Andreikin,D (2733)-Adly,A (2603) Abu Dhabi 2016}) 6. d5 {B53: Sicilian: 2...d6: Lines with Qxd4} g6 7. c4 Bg7 8. Qc2 $146 {White is slightly better.} ({Predecessor:} 8. O-O Na6 9. Nc3 Nc7 10. Be3 a6 11. a4 b6 12. Qd2 {1-0 (73) Apostoaie,L (2086)-Calotescu,A (2176) Sovata 2000}) 8... Na6 9. O-O Nc7 10. Nc3 a6 11. b3 b5 {[#] ...b4 is the strong threat.} 12. Bb2 {next Nxb5 is good for White.} O-O 13. Nd1 Bxb2 14. Nxb2 e6 15. Rad1 exd5 16. exd5 Re8 17. Qc3 Rb8 18. Rfe1 Qf6 19. Qxf6 (19. Qd2 {feels hotter.} Nb6 20. Rxe8+ Nxe8 21. Re1 bxc4 22. Nxc4 Nxc4 23. bxc4 Ng7 24. Ng5) 19... Nxf6 20. Rxe8+ Ncxe8 21. Nd3 Ne4 22. Rc1 a5 {[%cal Ba6a5,Ba5a4][%mdl 32]} 23. Nb2 Nc7 24. Re1 f5 25. h4 {[#]} a4 $1 {[%mdl 512]} 26. Ng5 $1 {The position is equal.} (26. bxa4 bxc4) 26... a3 27. Nd3 Nxg5 28. hxg5 $11 {KRN-KRN} Kf7 29. Kh2 Re8 30. Rxe8 Kxe8 31. Ne1 Kf7 32. Nc2 b4 33. f4 {Precision: White = 70%, Black = 76%.} 1/2-1/2

[Event "2018 Spring Chess Classic A"]
[Site "Saint Louis"]
[Date "2018.03.10"]
[Round "5"]
[White "Zherebukh, Yaroslav"]
[Black "Akobian, Varuzhan"]
[Result "1/2-1/2"]
[WhiteElo "2633"]
[BlackElo "2640"]
[Annotator "TA"]
[PlyCount "76"]
[EventDate "2018.??.??"]
[EventType "tourn"]
[EventCountry "USA"]
[SourceTitle "playchess.com"]
[Source "ChessBase"]
[SourceQuality "1"]

{[%evp 16,76,14,0,30,25,32,18,25,22,29,21,18,6,38,32,49,-75,-67,-76,-71,-71,-68,-96,-37,-112,-35,-108,-113,-148,-145,-178,-167,-245,-121,-127,-112,-164,-90,-100,-86,-93,-95,-104,-56,-52,-50,-56,-21,-353,-328,-187,-170,-329,-371,-387,-376,-440,-333,-324,0,-380,0]} 1. e4 e6 2. d4 d5 3. Nc3 Bb4 4. e5 c5 5. a3 Bxc3+ 6. bxc3 Ne7 7. Qg4 Kf8 8. a4 Qc7 {C18: French: 3 Nc3 Bb4: Main line: 7 h4 and 7 Qg4} 9. Qd1 {LiveBook: 9 Games} Kg8 10. Nf3 b6 {White has an edge.} 11. a5 bxa5 12. Ba3 $146 ({Predecessor:} 12. Bd3 Ba6 13. O-O Bxd3 14. cxd3 cxd4 15. cxd4 Nbc6 16. Ba3 {0-1 (38) Saric,I (2664)-Akobian,V (2647) chess.com INT 2018}) 12... c4 13. Ng5 Nbc6 {Threatening ...Nxe5!} 14. Be2 f6 (14... h6 {is interesting.} 15. Nh3 a4 16. Qd2 Qa5 17. O-O Kh7) 15. Nf3 fxe5 16. Bxe7 (16. dxe5 $14 a4 17. Qd2) 16... Qxe7 $17 17. Nxe5 Nxe5 18. dxe5 Qc7 19. O-O Bd7 ({Reject} 19... Qxe5 $6 {[#]} 20. Bxc4 $1 {[%mdl 512]} Bb7 21. Qe2 $14) (19... h6 $17) 20. Qd4 (20. f4 $15) 20... a4 ({Black should play} 20... h5 $17) 21. Rab1 (21. f4 $1 $15) 21... h6 22. Rb4 a5 23. Rb6 Kh7 24. Bg4 (24. Rd6 {was necessary.}) 24... Rhe8 (24... Rab8 $19 {has better winning chances.} 25. Rxe6 Bxe6 26. Bxe6 Rhe8 27. Bxd5 Qxe5 28. Bxc4 Qxd4 29. cxd4 Rb4 30. Bd3+ g6) 25. Rd6 Rab8 26. f4 (26. h3 $17) 26... a3 (26... Rf8 $19 27. h3 Qc8) 27. Ra1 a4 28. Rxa3 Rb1+ 29. Kf2 Qb7 30. Kg3 Re7 $36 {[%mdl 2048] Hoping for ...Qb2. Black is more active.} 31. Qc5 Rb5 (31... Rf7 $5 {[%cal Rb1f1]}) 32. Rb6 $2 {[%mdl 8192] [#]} (32. Qf2 $11) 32... Qxb6 $19 ({Worse is} 32... Rxc5 33. Rxb7 Rb5 34. Ra7 $16) 33. Qxe7 Qe3+ 34. Bf3 $2 (34. Kh4 {only move.} Qxf4 35. g3 Qg5+ 36. Qxg5 hxg5+ 37. Kxg5) 34... Rb7 35. h4 Qe1+ 36. Kh3 Qh1+ 37. Kg3 Qe1+ 38. Kh3 $1 Qh1+ $2 {Precision: White = 33%, Black = 40%.} (38... Qf2 $19 39. Kg4 Bc6) 1/2-1/2

[Event "2018 Spring Chess Classic A"]
[Site "Saint Louis"]
[Date "2018.03.10"]
[Round "5"]
[White "Edouard, Romain"]
[Black "Swiercz, Dariusz"]
[Result "1/2-1/2"]
[WhiteElo "2612"]
[BlackElo "2654"]
[Annotator "TA"]
[PlyCount "61"]
[EventDate "2018.??.??"]
[EventType "tourn"]
[EventCountry "USA"]
[SourceTitle "playchess.com"]
[Source "ChessBase"]
[SourceQuality "1"]

{[%evp 12,61,42,3,15,10,18,7,0,-26,-20,-27,0,0,0,0,-4,0,0,0,0,-15,-16,-12,-13,-15,-10,-10,-10,-10,-4,-8,-9,-9,-10,-8,-4,-18,0,0,0,0,0,0,0,0,0,0,22,20,19,24]} 1. c4 e5 2. g3 Nf6 3. Bg2 d5 4. cxd5 Nxd5 5. Nc3 Nxc3 6. bxc3 Bc5 7. Ba3 {LiveBook: 3 Games. A22: English Opening: 1...e5 2 Nc3 Nf6} Bxa3 8. Qa4+ Bd7 9. Qxa3 Bc6 10. Bxc6+ $146 ({Predecessor:} 10. Nf3 Qd6 11. Qxd6 cxd6 12. Rb1 Nd7 13. d3 Rc8 14. Kd2 b6 {½-½ (25) Morley,P (2270)-Bissmann,S (2363) ICCF email 2009}) 10... Nxc6 11. Rb1 b6 (11... Qd5 {seems wilder.} 12. Nf3 O-O-O 13. O-O Rhe8 14. Rfd1 b6) 12. Nf3 {The position is equal.} Qd6 13. Qxd6 cxd6 14. c4 O-O-O 15. d3 Rhe8 16. Ng5 f6 17. Ne4 d5 18. cxd5 Rxd5 19. g4 Kd7 20. Kd2 Rc8 21. Rhc1 Ra5 22. Rb2 Ne7 23. Rxc8 Nxc8 $11 {[%mdl 4096] Endgame KRN-KRN} 24. Nc3 Nd6 25. a4 Kc6 26. Rc2 {With the idea Nb5+.} Rc5 27. Ra2 a6 28. Ra1 Kb7 29. e3 b5 30. axb5 Nxb5 31. Na4 {Precision: White = 76%, Black = 60%.} 1/2-1/2

[Event "2018 Spring Chess Classic A"]
[Site "Saint Louis"]
[Date "2018.03.11"]
[Round "6"]
[White "Bruzon Batista, Lazaro"]
[Black "Ipatov, Alexander"]
[Result "1/2-1/2"]
[WhiteElo "2673"]
[BlackElo "2665"]
[Annotator "TA"]
[PlyCount "140"]
[EventDate "2018.??.??"]
[EventType "tourn"]
[EventCountry "USA"]
[SourceTitle "playchess.com"]
[Source "ChessBase"]
[SourceQuality "1"]

{[%evp 28,140,20,21,30,37,36,20,27,19,20,20,26,16,13,21,21,22,60,48,44,43,31,45,35,39,11,26,47,47,79,76,85,85,83,83,98,60,59,64,75,0,0,0,0,0,0,-7,0,0,0,0,0,-15,-16,-16,-18,-23,-55,-96,-80,-66,-87,-74,-72,-72,-68,-233,0,-10,-10,-57,0,-212,-204,-204,-204,-191,-57,-57,-57,-58,-58,-57,-58,-58,-58,-58,0,-20,-20,-20,-18,-26,0,0,0,0,0,0,0,0,0,0,0,0,0,0,0,0,0,0,0,0,0]} 1. e4 e5 2. Nf3 Nc6 3. Bb5 {[%cal Bf1b5,Bb5a4,Ba4b3,Bb3a2][%mdl 32]} a6 4. Ba4 Nf6 5. O-O Be7 6. d3 b5 7. Bb3 d6 8. a4 b4 9. Nbd2 Na5 10. Ba2 O-O 11. c3 Rb8 12. Re1 c5 13. d4 {C88: Closed Ruy Lopez: Anti-Marshall Systems} (13. Nc4 bxc3 14. bxc3 Bd7 15. Qc2 Nxc4 16. Bxc4 Qc8 17. Qa2 Bg4 18. Ng5 Bh5 19. Re3 h6 20. Ne6 Re8 21. Rg3 Bg6 22. Nxg7 d5 23. Nxe8 {1-0 (23) Karjakin,S (2757)-Schlosser,P (2571) Jurmala 2015}) 13... Qc7 14. dxe5 dxe5 15. Nc4 {LiveBook: 9 Games} Nxc4 16. Bxc4 bxc3 17. bxc3 $146 ({Find the theoretical novelty and annotate with similar games:} 17. Qc2 Bb7 18. bxc3 Rfd8 19. Ng5 Rf8 20. Nf3 Rfd8 21. Ng5 {½-½ (21) Garcia Ramirez,C (2016)-Canizares Cuadra,P (2257) ICCF email 2010}) 17... a5 18. Qc2 Nd7 19. Be3 Nb6 20. Bf1 Be6 21. Nd2 h6 22. Reb1 Bg5 23. Bxg5 hxg5 24. Rb5 Qa7 25. c4 {[%cal Bc3c4,Bc4c5][%mdl 32]} Bd7 26. Rxc5 Nxa4 27. Rd5 $1 Rb2 28. Qc1 Rfb8 29. c5 Bc6 30. Rxe5 Qd7 31. Nc4 Qd4 32. Nxb2 (32. Qe1 {NOTEXT} Rc2 33. Rd1 Qc3 34. f3 Bb5 35. Qxc3 Nxc3 36. Ne3) 32... Rxb2 33. Rf5 $1 Bxe4 34. Rxa4 ({Much weaker is} 34. Qxg5 Bxf5 35. Qxf5 g6 $11) (34. Rxg5 $16 Rxf2 35. Kh1) 34... Qxa4 $11 35. Qxb2 Bxf5 36. Qb8+ Kh7 37. Qe5 $132 {[%mdl 2048] White is not keeping still} Qe4 38. Qc3 Qb4 39. Qe5 Qb1 {Hoping for ...Bd3.} 40. Qc3 a4 41. c6 Qb3 42. Qc5 Be6 43. Qxg5 a3 {And now ...a2 would win.} 44. Qh4+ Kg6 {[%mdl 1024] Black has compensation.} 45. c7 {[#]} a2 $1 {[%cal Ra2a1]} 46. Qe4+ f5 47. Qe5 $2 ({White has to play} 47. Qa8 $1 $15) 47... Kh7 $2 (47... Kf7 $19 {aiming for ...Qc2.} 48. Qa5 Qb7) 48. h3 Bd7 {White must now prevent ...Qd1.} 49. Qd4 Qb1 (49... Qe6 $15) 50. Qh4+ $2 (50. c8=Q $1 $11 {and White stays safe.} Bxc8 51. Qh4+ Kg6 52. Qg3+ Kh5 53. Kh2 Qxf1 54. h4) 50... Kg6 $19 51. Qg3+ Kf7 52. Qd6 {[#]} Qxf1+ $1 {[%mdl 512]} 53. Kxf1 $15 a1=Q+ 54. Ke2 Qa2+ 55. Kf3 Bc8 56. Kg3 Qc4 57. f3 {[%cal Bf2f3,Bf3f4][%mdl 32]} g5 (57... Qc3 $15) 58. f4 Qc3+ 59. Kh2 g4 60. h4 Qf6 61. Qd8 $1 {The position is equal.} Qe6 62. h5 Kg7 63. Kg3 Qe1+ 64. Kh2 Qe6 65. Kg3 Bb7 66. Kh4 Qf6+ 67. Kg3 $1 Qc3+ 68. Kh4 {Kg5 is the strong threat.} Qf6+ 69. Kg3 $1 Qe6 {( -> ...Qe1+)} 70. Kh4 Qf6+ {Precision: White = 70%, Black = 63%.} 1/2-1/2

[Event "2018 Spring Chess Classic A"]
[Site "Saint Louis"]
[Date "2018.03.11"]
[Round "6"]
[White "Shankland, Samuel"]
[Black "Zherebukh, Yaroslav"]
[Result "1/2-1/2"]
[WhiteElo "2668"]
[BlackElo "2633"]
[Annotator "TA"]
[PlyCount "74"]
[EventDate "2018.??.??"]
[EventType "tourn"]
[EventCountry "USA"]
[SourceTitle "playchess.com"]
[Source "ChessBase"]
[SourceQuality "1"]

{[%evp 12,74,29,28,28,35,29,20,29,29,29,30,22,25,25,27,27,29,42,31,24,39,31,11,10,19,54,57,54,52,54,56,53,14,16,14,14,26,31,9,23,3,3,4,12,0,10,9,7,0,0,0,0,-6,-6,-6,-6,-6,-6,-6,-6,-18,-18,-18,-18]} 1. e4 c5 2. Nf3 d6 3. d4 cxd4 4. Nxd4 Nf6 5. Nc3 a6 6. Be3 e6 7. a3 {LiveBook: 3 Games. B80: Sicilian Scheveningen: 6 g3 and 6 Be3, including English Attack} (7. f3 b5 8. Qd2 b4 9. Na4 Nbd7 10. O-O-O Qa5 11. b3 Bb7 12. a3 Qc7 13. axb4 d5 14. Bf2 Bd6 15. exd5 Nxd5 16. Bg3 {1-0 (36) Nakamura,H (2781)-Grandelius,N (2647) Caleta 2018}) 7... Be7 8. g4 $146 ({Find the theoretical novelty and annotate with similar games:} 8. Qe2 e5 9. Nf5 Bxf5 10. exf5 d5 11. f4 exf4 12. Bxf4 Nc6 13. O-O-O O-O 14. Qf3 d4 {½-½ (38) Fass,R (2425)-De Jong,P (2427) ICCF email 2016}) 8... d5 9. exd5 {White has an edge.} Nxd5 10. Nxd5 Qxd5 11. Rg1 Qa5+ 12. Qd2 Qxd2+ 13. Kxd2 Nd7 14. h3 O-O 15. Rd1 Nf6 16. Bg2 Nd5 17. Nf5 (17. Bxd5 {NOTEXT} exd5 18. Kc1 Be6 19. Nf5 Rfe8 20. Nxe7+ Rxe7 21. Bd4) 17... exf5 18. Bxd5 fxg4 19. hxg4 Be6 20. Bxe6 fxe6 21. Ke2 Rad8 22. Bb6 Rc8 23. c3 Bc5 24. Bxc5 Rxc5 $11 {[%mdl 4096] Endgame KRR-KRR} 25. Rd3 b5 26. Re3 Kf7 {The position is equal.} 27. Rd1 {With the idea Rd7+.} Ke7 28. Rd4 h5 29. gxh5 Rxh5 30. Rg4 g5 31. Rge4 Rf6 32. c4 Rh2 33. Rf3 Rxf3 34. Kxf3 Rh3+ 35. Kg2 Rb3 36. cxb5 axb5 37. a4 bxa4 {Precision: White = 66%, Black = 79%.} 1/2-1/2

[Event "2018 Spring Chess Classic A"]
[Site "Saint Louis"]
[Date "2018.03.11"]
[Round "6"]
[White "Swiercz, Dariusz"]
[Black "Ganguly, Surya Shekhar"]
[Result "1/2-1/2"]
[WhiteElo "2654"]
[BlackElo "2657"]
[Annotator "TA"]
[PlyCount "159"]
[EventDate "2018.??.??"]
[EventType "tourn"]
[EventCountry "USA"]
[SourceTitle "playchess.com"]
[Source "ChessBase"]
[SourceQuality "1"]

{[%evp 27,158,31,34,29,34,35,38,43,78,77,82,82,114,59,83,93,96,88,133,102,122,127,212,210,211,170,202,118,88,96,101,114,137,133,145,93,110,0,5,0,0,0,0,0,0,0,0,0,20,7,29,10,61,54,96,90,108,81,227,211,205,56,355,340,514,514,1080,14,14,14,18,20,41,56,61,39,12842,12839,12840,12840,12841,0,0,0,12841,12841,12843,2019,2888,1894,1776,932,982,0,12843,12843,12843,12843,12844,12844,12845,12845,12847,12847,12847,0,0,0,0,0,0,0,0,0,0,0,0,0,0,0,0,0,0,0,0,0,0,0,0,0,0,0,0]} 1. e4 c5 2. Nf3 e6 3. d4 cxd4 4. Nxd4 Nc6 5. Nc3 Qc7 6. g3 a6 7. Bg2 Nf6 8. O-O d6 9. Nxc6 bxc6 10. Na4 Bb7 {B80: Sicilian Scheveningen: 6 g3 and 6 Be3, including English Attack} (10... Rb8 11. c4 c5 12. g4 h6 13. f4 Be7 14. b3 Bb7 15. Qe2 Nh7 16. Bb2 O-O 17. Rf3 Bc6 18. Nc3 {0-1 (43) Santos Ruiz,M (2490)-Fedorchuk,S (2633) Linares 2017}) 11. c4 c5 12. Qe2 Be7 13. b3 O-O 14. Bb2 Nd7 {LiveBook: 3 Games} 15. Rad1 Bc6 16. Nc3 Bf6 17. Nb1 $146 ({Predecessor:} 17. f4 Bd4+ 18. Kh1 {0-1 (33) Pacher,M (2408)-Cvek,R (2506) Brno 2011}) 17... a5 18. Bxf6 Nxf6 19. Nc3 a4 20. e5 (20. Nxa4 $16 h6 21. Nc3) 20... dxe5 21. Bxc6 Qxc6 22. Nxa4 Rfd8 23. Qxe5 Ne4 {White must now prevent ...f6.} 24. Qf4 e5 (24... Rd4 $16) 25. Qf3 $18 (25. Qxe5 $6 Nd2 $16) 25... Qg6 26. h4 f5 27. Nc3 (27. Rxd8+ $18 Rxd8 28. Rd1) 27... Nxc3 $16 28. Rxd8+ Rxd8 29. Qxc3 {[%mdl 4096] Endgame KQR-KQR} e4 30. Qe5 h6 31. Re1 ({White should play} 31. a4) 31... Rd3 32. Kg2 (32. Qxc5 $6 Rxg3+ 33. fxg3 Qxg3+ 34. Kf1 Qh3+ 35. Kf2 Qf3+ 36. Kg1 Qg3+ 37. Kf1 Qh3+ 38. Kg1 Qg4+ 39. Kf2 (39. Kf1 Qh3+ $11) 39... Qf3+ 40. Kg1 Qg3+ $11) (32. a4 $16) 32... Qh5 $11 33. Qf4 (33. Qxc5 $2 Qf3+ 34. Kg1 e3 $19) 33... Rf3 $1 {[%cal Rf3f4]} 34. Qd2 Rd3 35. Qf4 $36 {[%mdl 2048] White has good play.} Rf3 $1 {[%cal Rf3f4]} 36. Qd2 {And now Qd5+ would win.} Rd3 37. Qe2 Rf3 38. a4 Qg6 39. a5 Rxb3 (39... Kh7 $11) 40. Qa2 $14 Rb7 {[#]} 41. Qd2 $1 Qc6 42. Rd1 Kh7 (42... e3+ $16 43. Qd5+ Qxd5+ 44. Rxd5 (44. cxd5 Ra7 $14) 44... Rb2) 43. Qd5 $18 Qc8 44. g4 (44. a6 $18 Ra7 45. Ra1) 44... g6 $2 {[%mdl 8192]} (44... e3 $1 $14) 45. Qe5 Rf7 (45... e3 $142 46. Qxe3 fxg4) 46. Rd6 fxg4 {[#]} (46... h5 $142 47. gxh5 gxh5) 47. Qxe4 $2 ({Only move:} 47. h5 $1 $18 {[%cal Rh5g6]} gxh5 48. a6) 47... Rxf2+ $1 $11 48. Kxf2 Qf8+ 49. Kg2 Qxd6 {KQ-KQ} 50. h5 Qd2+ $1 51. Kg3 Qxa5 $2 {[%mdl 8192]} (51... Qd6+ $14 52. Kxg4 Qd1+ 53. Kf4 Qxh5) 52. Qe7+ Kg8 53. Qe8+ Kg7 54. Qe7+ $2 (54. Qxg6+ $18 Kf8 55. Qxh6+ Kg8 56. Qg6+ Kh8 57. Kxg4) 54... Kg8 $1 55. Qe6+ Kg7 $2 {[%mdl 8192]} (55... Kf8 $11) 56. Qxg6+ $18 Kh8 57. Qf6+ (57. Qxh6+ $142 Kg8 58. Qg6+ Kh8 59. Qf6+ (59. Qxg4 Qc3+ 60. Kg2 Qb2+ 61. Kg1 Qc1+ 62. Kf2 Qd2+ 63. Qe2 Qg5 $11) 59... Kg8 60. Qg6+ Kh8 61. Qf6+ (61. Qxg4 Qc3+ 62. Kf2 Qd2+ 63. Kg3 Qc3+ 64. Kg2 Qc2+ 65. Kh3 Qc3+ 66. Kh2 Qb2+ 67. Kh3 Qc3+ 68. Kh4 Qf6+ 69. Kg3 Qc3+ $14) 61... Kh7 62. Qf5+ Kg7 63. Qe5+ Kh7 64. Qe7+ Kh6 65. Kxg4) 57... Kh7 58. Qf7+ Kh8 59. Qe8+ Kg7 60. Qg6+ (60. Qe7+ $142 Kh8 61. Qf6+ (61. Kxg4 Qb6 $16) 61... Kg8 62. Qg6+ (62. Qxh6 Qc3+ 63. Kxg4 Qxc4+ 64. Kf3 Qd3+ 65. Kg2 Qf5 $11) (62. Kxg4 Qd2 $16) 62... Kh8 63. Qxh6+ Kg8 64. Kxg4) 60... Kh8 $1 61. Qxh6+ Kg8 62. Qg6+ Kh8 63. Qf6+ Kh7 64. Kxg4 Qc7 65. h6 Qb7 66. Qg7+ $2 ({White should try} 66. Kf4 $18 {Strongly threatening Qg7+!} Qc7+ 67. Qe5 Qf7+ 68. Ke3 Kxh6 69. Qxc5) 66... Qxg7+ $11 {The position is equal.} 67. hxg7 Kxg7 {KP-KP} 68. Kg5 Kf7 69. Kf5 Ke7 70. Ke5 Kd7 71. Kd5 Kd8 72. Kd6 Kc8 73. Kc6 Kb8 74. Kxc5 {KP-K} Kc7 75. Kd5 {White threatens Kc5 and mate.} Kd7 76. c5 {[%cal Bc4c5,Bc5c6,Bc6c7][%mdl 32]} Kc7 77. c6 Kc8 78. Kd6 {White wants to mate with c7.} Kd8 79. c7+ Kc8 80. Kc6 $2 {[%mdl 8192] Precision: White = 59%, Black = 45%.} (80. Kd5 Kxc7) 1/2-1/2

[Event "2018 Spring Chess Classic A"]
[Site "Saint Louis"]
[Date "2018.03.11"]
[Round "6"]
[White "Akobian, Varuzhan"]
[Black "Xiong, Jeffery"]
[Result "0-1"]
[WhiteElo "2640"]
[BlackElo "2640"]
[Annotator "TA"]
[PlyCount "72"]
[EventDate "2018.??.??"]
[EventType "tourn"]
[EventCountry "USA"]
[SourceTitle "playchess.com"]
[Source "ChessBase"]
[SourceQuality "1"]

{[%evp 21,72,-12,-4,0,-9,0,-8,-10,-6,-24,0,0,-11,-28,-17,-35,-37,-32,-33,-63,-46,-55,-51,-85,-72,-115,-73,-105,-106,-153,-147,-159,-154,-166,-160,-152,-170,-162,-171,-168,-158,-202,-202,-192,-178,-219,-219,-228,-177,-165,-149,-450,-471]} 1. d4 Nf6 2. c4 g6 3. Nc3 d5 4. cxd5 Nxd5 5. e4 Nxc3 6. bxc3 Bg7 7. Ba3 Nd7 {[%cal Bb8d7,Bd7b6,Bb6c4][%mdl 32] D85: Exchange Grünfeld: Unusual White 7th moves and lines with 7 Nf3} 8. Bc4 c5 9. Qb3 O-O 10. Nf3 cxd4 11. cxd4 Nb6 {LiveBook: 9 Games} 12. Be2 Be6 13. Qb4 Rc8 14. O-O Bc4 15. Rfe1 Bxe2 ({Much weaker is} 15... Bxd4 $6 16. Rad1 $16) 16. Rxe2 {[#]} Nc4 $146 17. Rd1 Qd7 18. Bc1 ({Reject} 18. Qxe7 Qa4 $17) 18... a5 $36 {[%mdl 2048] Black has some pressure.} 19. Qb3 b5 20. Rc2 Rfd8 21. h3 h6 22. d5 e6 23. h4 Qe8 24. Re1 exd5 25. exd5 Qd7 26. Rd1 Qf5 27. a4 Rxd5 28. Rxd5 Qxd5 29. axb5 Qd1+ $1 30. Kh2 {Black must now prevent Nd2.} Bf8 $1 {Hoping for ...Nd6.} 31. Rc3 {[#]} Qxb3 $1 32. Rxb3 {[#]} a4 $1 {[%cal Ra4b3,Ba5a4,Ba4a3,Ba3a2][%mdl 32]} 33. Rb1 a3 34. b6 Bg7 ({Resist} 34... a2 35. Ra1 $17) 35. b7 Rb8 {...a2 is the strong threat.} 36. Bf4 $2 {[%mdl 8192]} (36. Bxa3 $17 Nxa3 37. Rb6) 36... a2 {Precision: White = 41%, Black = 89%.} 0-1